000 00823nam a2200217Ia 4500
003 GCL
008 140319s9999 xx 000 0 ara d
040 _aGCL /
_cGCL
082 0 4 _a413.1
_bم م
100 1 _aمحمود اسماعيل صينى
245 1 0 _aالمكنز العربى المعاصر: معجم فى المترادفات والمتجانسات للمؤلفين والمترجمين والطلاب /
_cمحمود اسماعيل صينى
700 1 _aناصف مصطفى عبدالعزيز
700 1 _aمصطفى احمد سليمان
300 _a119 ص
490 _aالهيئة العامة للاستعلامات
_v0
650 0 4 _aاللغة العربية
650 0 4 _aالمترادفات
650 0 4 _aالمعاجم
650 0 4 _aالمترادفات والاضداد
942 _2ddc
_cBK
999 _c49517
_d49517